Statistiques concernant Cyclisme : les champions italiens à travers l'histoire (par image)

Cliquez ici pour prendre le quiz!

Statistiques générales

  • Ce quiz a été pris 13 fois
  • Le résultat moyen est 10 sur 24

Statistiques - réponses

Réponse% Correct
Fausto Coppi
100%
Filippo Ganna
83%
Gino Bartali
83%
Vincenzo Nibali
83%
Felice Gimondi
75%
Francesco Moser
75%
Ottavio Bottecchia
75%
Fabio Aru
67%
Elia Viviani
58%
Alfredo Binda
50%
Fiorenzo Magni
42%
Giuseppe Saronni
33%
Roberto Visentini
25%
Vittorio Adorni
25%
Ercole Baldini
17%
Gianbattista Baronchelli
17%
Gianni Motta
17%
Maurice Garin
17%
Wladimiro Panizza
17%
Costante Girardengo
8%
Franco Bitossi
8%
Learco Guerra
8%
Michele Dancelli
8%
Giovanni Battaglin
0%

Distribution des résultats

Percentile par nombre de réponses

% des personnes avec chaque résultat

Votre développement - résultats

Vous n’avez pas pris ce quiz